000 01044nac a22002897a 4500
001 BR0704605
003 BR-BrBNA
005 20240105123448.0
008 230509b bl.|||m| |||| 00| 0 por d
040 _aBR-BrBNA
_bpor
_cBiblioteca Nacional de Agricultura
072 _aH60
090 _a1980 BR0704605
100 1 _aFisher, C.E.
100 1 _aQuinn, L.R.
110 1 _aIBEC Research Institute, Matão, SP (Brasil)
_95541
245 1 _aControle de três espécies importantes de arbustos praguejadores em terras de pastagem nos Estados Unidos, Cuba e Brasil
260 3 _aMatão, SP (Brasil):
_c1959.
300 _a23 p.
490 _aNota Técnica - IBEC Research Institute (Brazil)
_vno. 5
_x
500 _aArtigo publicado no Journal of Range Management, vol. 12, no. 5, setembro de 1959; 7 ref.; Documento microfilmado e tratado BR7375398
650 _aARBUSTO
650 _aPASTAGEM
650 _aERVA DANINHA
650 _aCONTROLE QUÍMICO
909 _a202312
_bLúcia Elande
_c55
_dLúcia Elande
942 _2AGRIS
_n0
_cMS
999 _c295566
_d295566